000 00708na a2200229 4500
001 14640
003 MIRAKIL
005 20181213155020.0
008 160830b tu 000 0
020 _a9789751939920
035 _a14640
040 _aMilas
_btur
_cTR-AnCHP
082 _aATA 923.156
_bD55 2007
090 _aATA 923.156 D55 2007
245 _aDin, bilim, uygarlık ve Atatürk
_cderleyen Mehmet Bulut
260 _aAnkara
_bDiyanet İşleri Başkanlığı
_c2007
300 _a152 s.
_bfotg.
_c29 sm.
600 _aAtatürk, Mustafa Kemal
_d1881- 1938
_xDin
_xBilim
_xEğitim
600 _aAtatürk, Mustafa Kemal
_d1881-1938
_xYaşamöyküsü
700 _aBulut, Mehmet
942 _2ddc
_cBKS
999 _c4859
_d4859